[Event "AUTO-INT-1147"]
[Site "http://www.queenalice.com/game.php?id=513144"]
[Date "2008.12.27"]
[Round "1"]
[White "Kriz"]
[Black "Brunao"]
[Result "1-0"]
[WhiteElo "1569"]
[BlackElo "1528"]

1. e4 e5 2. Qh5 g6 3. Qxe5+ Qe7 4. Qxh8 Nf6 5. d3 d5 6. Nc3 dxe4 7. dxe4 Nxe4 8.
Nxe4 Qxe4+ 9. Be2 Qxc2 10. Qe5+ Be6 11. b3 Bb4+ 12. Kf1 Nc6 13. Qxc7 Qc3 14. Nf3
a6 15. g3 Bh3+ 16. Kg1 Qxa1 17. Qf4 Rd8 18. Ng5 Be6 19. Nxh7 Ba3 20. Kg2 Bxc1
21. Rxc1 Qxa2 22. Bc4 Rd4 23. Qh6 b5 24. Bxe6 Rd2 25. Qf8# 1-0

[Event "AUTO-INT-1147"]
[Site "http://www.queenalice.com/game.php?id=513151"]
[Date "2008.12.27"]
[Round "1"]
[White "erivaldoadao"]
[Black "Kriz"]
[Result "1-0"]
[WhiteElo "1639"]
[BlackElo "1592"]

1. e4 e6 2. d4 d5 3. exd5 exd5 4. Nf3 f6 5. Be2 Bb4+ 6. c3 Bd6 7. O-O Nh6 8.
Bxh6 gxh6 9. Qd2 Bf8 10. Qf4 Qd6 11. Qxd6 cxd6 12. Nbd2 a6 13. Rfe1 Kd8 14. c4
Be6 15. cxd5 Bxd5 16. Bc4 Bxc4 17. Nxc4 Nd7 18. Nh4 d5 19. Ne3 Rg8 20. Nxd5 Rg4
21. Nf5 Rg5 22. Nfe3 f5 23. Nc2 Rc8 24. Nce3 Rc4 25. f4 Rxd4 26. Rad1 Rxd1 27.
Rxd1 Rg7 28. Nxf5 Rg6 29. Nfe3 Bc5 30. b4 Ba7 31. Kf1 1-0

[Event "AUTO-INT-1167"]
[Site "http://www.queenalice.com/game.php?id=521362"]
[Date "2009.1.12"]
[Round "1"]
[White "Alcamo"]
[Black "Kriz"]
[Result "1-0"]
[WhiteElo "1714"]
[BlackElo "1649"]

1. Nf3 h6 2. g3 e6 3. Bg2 Nf6 4. d4 d5 5. Nc3 Nc6 6. O-O a6 7. Re1 Bd6 8. e4 O-O
9. e5 Ng4 10. h3 h5 11. hxg4 hxg4 12. exd6 gxf3 13. dxc7 Qxc7 14. Bxf3 e5 15.
Nxd5 Qd8 16. dxe5 Re8 17. Nf6+ gxf6 18. Qxd8 Nxd8 19. Bf4 f5 20. Rad1 Ne6 21.
Kg2 Nxf4+ 22. gxf4 Kf8 23. Rh1 Ke7 24. Kf1 a5 25. Rh6 Ra6 26. Rxa6 bxa6 27. Ke2
Bd7 28. Ke3 Rc8 29. c3 Rc4 30. Rd6 a4 31. a3 a5 32. Rf6 Rc5 33. Kd4 Rb5 34. Bd5
Be6 35. Bc6 Rxb2 36. Bxa4 Rxf2 37. Ke3 Ra2 38. Bb5 Rxa3 39. Kd3 Ra1 40. Rh6 Rb1
41. Bc4 a4 42. Bxe6 fxe6 43. Rh2 Rb7 44. Rh7+ Kd8 45. Rxb7 Kc8 46. Ra7 Kd8 47.
Rxa4 Ke7 48. c4 1-0

[Event "AUTO-INT-1167"]
[Site "http://www.queenalice.com/game.php?id=521363"]
[Date "2009.1.12"]
[Round "1"]
[White "Kriz"]
[Black "Alcamo"]
[Result "0-1"]
[WhiteElo "1646"]
[BlackElo "1645"]

1. e4 g6 2. Nh3 Bg7 3. Qf3 h6 4. Bc4 e6 5. c3 Nc6 6. a3 Ne5 7. Qe2 Nxc4 8. d3
Na5 9. Nd2 Ne7 10. d4 O-O 11. b4 Nac6 12. Nc4 d5 13. Ne5 Nxe5 14. dxe5 dxe4 15.
Qxe4 Qd5 16. Qh4 Qxe5+ 17. Kd1 Rd8+ 18. Kc2 Qxc3+ 19. Kb1 Qxa1+ 20. Kc2 Qa2+ 21.
Bb2 Qxb2# 0-1

[Event "AUTO-INT-1167"]
[Site "http://www.queenalice.com/game.php?id=521374"]
[Date "2009.1.12"]
[Round "1"]
[White "Hermano"]
[Black "Kriz"]
[Result "1-0"]
[WhiteElo "1736"]
[BlackElo "1601"]

1. e4 e6 2. d4 Qh4 3. Qf3 Nf6 4. Nc3 a6 5. g3 Qg4 6. Bg2 Qxf3 7. Nxf3 h6 8. a3
g5 9. h3 Nc6 10. e5 Nd5 11. Nxd5 exd5 12. Be3 b5 13. Nd2 Ne7 14. c3 Bb7 15. O-O
O-O-O 16. b4 Nf5 17. Rfe1 Be7 18. a4 bxa4 19. Rxa4 h5 20. c4 g4 21. h4 Nxe3 22.
Rxe3 c6 23. cxd5 1-0

[Event "AUTO-INT-1167"]
[Site "http://www.queenalice.com/game.php?id=521375"]
[Date "2009.1.12"]
[Round "1"]
[White "Kriz"]
[Black "Hermano"]
[Result "0-1"]
[WhiteElo "1613"]
[BlackElo "1724"]

1. e4 e5 2. Qh5 Qf6 3. d3 h6 4. Nf3 Nc6 5. c3 g6 6. Qh4 d6 7. Qxf6 Nxf6 8. h3
Bg7 9. d4 exd4 10. cxd4 Nxe4 11. Be3 O-O 12. a3 a6 13. Bd3 Bf5 14. d5 Bxb2 15.
dxc6 Bxa1 16. cxb7 Rab8 17. Bxa6 c5 18. O-O g5 19. Rd1 Bd7 20. Nbd2 Nxd2 21.
Rxa1 Nxf3+ 0-1

[Event "AUTO-INT-1167"]
[Site "http://www.queenalice.com/game.php?id=521380"]
[Date "2009.1.12"]
[Round "1"]
[White "Crisantemo"]
[Black "Kriz"]
[Result "0-1"]
[WhiteElo "1367"]
[BlackElo "1534"]

1. e4 e6 2. Nf3 Nf6 3. e5 Ng4 4. h3 Nh6 5. g4 f6 6. exf6 gxf6 7. g5 fxg5 8. d3
Nf5 9. h4 gxh4 10. Nxh4 Nxh4 0-1

[Event "AUTO-INT-1167"]
[Site "http://www.queenalice.com/game.php?id=521381"]
[Date "2009.1.12"]
[Round "1"]
[White "Kriz"]
[Black "Crisantemo"]
[Result "1-0"]
[WhiteElo "1543"]
[BlackElo "1358"]

1. e4 e6 2. Qh5 Nf6 3. Qf3 g6 4. e5 Nd5 5. c4 Nb4 6. Bd3 Nxd3+ 7. Qxd3 f6 8.
exf6 Qxf6 9. Qf3 Qxf3 10. gxf3 d5 11. cxd5 1-0

[Event "AUTO-INT-1190"]
[Site "http://www.queenalice.com/game.php?id=533662"]
[Date "2009.2.2"]
[Round "1"]
[White "volga1"]
[Black "Kriz"]
[Result "1-0"]
[WhiteElo "1825"]
[BlackElo "1605"]

1. e4 e6 2. c4 g6 3. Nc3 a6 4. d4 Bg7 5. Nf3 f6 6. Be3 g5 7. g3 d6 8. Nd2 h5 9.
Bg2 g4 10. Qb3 a5 11. a4 Nd7 12. c5 Nf8 13. cxd6 cxd6 14. Rc1 Ne7 15. Nb5 Nc6
16. O-O Bh6 17. Nc4 1-0

[Event "AUTO-INT-1190"]
[Site "http://www.queenalice.com/game.php?id=533663"]
[Date "2009.2.2"]
[Round "1"]
[White "Kriz"]
[Black "volga1"]
[Result "0-1"]
[WhiteElo "1598"]
[BlackElo "1846"]

1. e4 g6 2. Nc3 Bg7 3. d4 e6 4. e5 Ne7 5. Ne4 d5 6. Nf6+ Bxf6 7. exf6 Nf5 8. g4
Nd6 9. g5 Nc6 10. c3 Nf5 11. Nf3 b6 12. Ne5 Nxe5 13. dxe5 Bb7 14. f4 d4 15. cxd4
Nxd4 16. Rg1 Nf3+ 17. Ke2 Nxg1+ 0-1

[Event "AUTO-INT-1190"]
[Site "http://www.queenalice.com/game.php?id=533688"]
[Date "2009.2.2"]
[Round "1"]
[White "puertolimon"]
[Black "Kriz"]
[Result "1-0"]
[WhiteElo "1646"]
[BlackElo "1552"]

1. e4 e6 2. d4 d5 3. exd5 Qxd5 4. c4 Qe4+ 5. Be3 Bb4+ 6. Nc3 Bxc3+ 7. bxc3 Nf6
8. Nf3 Ng4 9. Bd3 Qc6 10. h3 Nxe3 11. fxe3 Qd6 12. O-O f5 13. c5 Qg3 14. e4 fxe4
15. Bxe4 Nd7 16. c6 1-0

[Event "AUTO-INT-1190"]
[Site "http://www.queenalice.com/game.php?id=533689"]
[Date "2009.2.2"]
[Round "1"]
[White "Kriz"]
[Black "puertolimon"]
[Result "0-1"]
[WhiteElo "1582"]
[BlackElo "1656"]

1. e4 e5 2. Nh3 Nf6 3. Nc3 Bb4 4. Nd5 Nxd5 5. exd5 d6 6. c3 Bc5 7. b4 Bb6 8. g3
Qf6 9. d3 Bxh3 10. Bxh3 Qxf2# 0-1